<?xml version="1.0" encoding="UTF-8"?>
<record
    xmlns:xsi="http://www.w3.org/2001/XMLSchema-instance"
    xsi:schemaLocation="http://www.loc.gov/MARC21/slim http://www.loc.gov/standards/marcxml/schema/MARC21slim.xsd"
    xmlns="http://www.loc.gov/MARC21/slim">

  <leader>01563nam a2200301   4500</leader>
  <controlfield tag="001">413</controlfield>
  <controlfield tag="003">OSt</controlfield>
  <controlfield tag="005">20250528074019.0</controlfield>
  <controlfield tag="008">250516b        |||||||g |||| 00| 1 eng d</controlfield>
  <datafield tag="020" ind1=" " ind2=" ">
    <subfield code="a">9788501117373</subfield>
  </datafield>
  <datafield tag="040" ind1=" " ind2=" ">
    <subfield code="b">por</subfield>
  </datafield>
  <datafield tag="041" ind1=" " ind2=" ">
    <subfield code="h">eng</subfield>
    <subfield code="a">por</subfield>
  </datafield>
  <datafield tag="082" ind1=" " ind2=" ">
    <subfield code="a">920</subfield>
    <subfield code="b">O18e</subfield>
  </datafield>
  <datafield tag="100" ind1=" " ind2=" ">
    <subfield code="a">O'connell ryan </subfield>
    <subfield code="d">1986- </subfield>
    <subfield code="9">897</subfield>
  </datafield>
  <datafield tag="240" ind1=" " ind2=" ">
    <subfield code="a">Special</subfield>
  </datafield>
  <datafield tag="245" ind1=" " ind2=" ">
    <subfield code="a">Especial /</subfield>
    <subfield code="c">O'Connell, Ryan; Tradu&#xE7;&#xE3;o de Adriana Fidalgo</subfield>
  </datafield>
  <datafield tag="260" ind1=" " ind2=" ">
    <subfield code="a">Rio de Janeiro</subfield>
    <subfield code="b">Galera</subfield>
    <subfield code="c">2019</subfield>
  </datafield>
  <datafield tag="300" ind1=" " ind2=" ">
    <subfield code="a">225 p.</subfield>
  </datafield>
  <datafield tag="520" ind1=" " ind2=" ">
    <subfield code="a">O livro que deu origem &#xE0; s&#xE9;rie Special, da Netflix.

Como se os desafios de ser um jovem gay com paralisia cerebral n&#xE3;o fossem o bastante, Ryan O&#x2019;Connell viveu todos os clich&#xEA;s de um Millennial. Ele passou a segunda d&#xE9;cada de sua vida estagiando para divas delirantes, engolindo todos os rem&#xE9;dios que conseguia encontrar pelo caminho e tentando achar o amor verdadeiro &#x2014; coff coff &#x2014; no Grindr. Mas depois de tanta tentativa e erro, Ryan pode dizer, com propriedade, que mancou elegantemente todo o caminho para a vida adulta. Especial, seu (hil&#xE1;rio) relato autobiogr&#xE1;fico, &#xE9; uma reflex&#xE3;o sobre o mundo cruel que espera jovens de vinte e poucos anos superprotegidos pelos pais e uma li&#xE7;&#xE3;o de como encontrar a si mesmo em meio &#xE0;s disputas por likes e seguidores.</subfield>
  </datafield>
  <datafield tag="650" ind1=" " ind2="0">
    <subfield code="a">Literatura australiana</subfield>
    <subfield code="9">219</subfield>
  </datafield>
  <datafield tag="650" ind1=" " ind2="0">
    <subfield code="a">LGBT</subfield>
    <subfield code="9">50</subfield>
  </datafield>
  <datafield tag="650" ind1=" " ind2="0">
    <subfield code="a">Autobiografia</subfield>
    <subfield code="9">887</subfield>
  </datafield>
  <datafield tag="650" ind1=" " ind2="0">
    <subfield code="a">Em busca do amor verdadeiro</subfield>
    <subfield code="9">888</subfield>
  </datafield>
  <datafield tag="655" ind1=" " ind2="0">
    <subfield code="a">Biografia </subfield>
    <subfield code="9">36</subfield>
  </datafield>
  <datafield tag="655" ind1=" " ind2="0">
    <subfield code="a">Fic&#xE7;&#xE3;o </subfield>
    <subfield code="9">22</subfield>
  </datafield>
  <datafield tag="700" ind1=" " ind2=" ">
    <subfield code="a">Adriana Fidalgo</subfield>
    <subfield code="e">TRADUTORA</subfield>
    <subfield code="9">889</subfield>
  </datafield>
  <datafield tag="942" ind1=" " ind2=" ">
    <subfield code="2">ddc</subfield>
    <subfield code="n">0</subfield>
    <subfield code="c">BK</subfield>
  </datafield>
  <datafield tag="952" ind1=" " ind2=" ">
    <subfield code="0">0</subfield>
    <subfield code="1">0</subfield>
    <subfield code="2">ddc</subfield>
    <subfield code="4">0</subfield>
    <subfield code="7">0</subfield>
    <subfield code="8">BIO</subfield>
    <subfield code="a">BIBIB</subfield>
    <subfield code="b">BIBIB</subfield>
    <subfield code="c">BIO</subfield>
    <subfield code="d">2025-05-16</subfield>
    <subfield code="e">doa&#xE7;&#xE3;o</subfield>
    <subfield code="l">0</subfield>
    <subfield code="o">920 / O18e</subfield>
    <subfield code="p">2025-17351</subfield>
    <subfield code="r">2025-05-16 13:55:40</subfield>
    <subfield code="w">2025-05-16</subfield>
    <subfield code="y">BK</subfield>
  </datafield>
  <datafield tag="999" ind1=" " ind2=" ">
    <subfield code="c">413</subfield>
    <subfield code="d">413</subfield>
  </datafield>
</record>
